000 00419nam a22001577a 4500
005 20251108163346.0
008 250721s1986 xx 000 0 ara d
082 1 4 _a001.64/رات
100 1 _aقبيعه، راتب
245 1 0 _aالكمبيوتر في المنازل /
264 1 _aبيروت :
_bدار الراتب،
_c1986.
300 _a203ص.
650 1 7 _aالحواسيب
942 _2ddc
_cBK
999 _c678
_d678